000 00521nam a2200193Ia 4500
005 20220804114349.0
008 131103s9999 xx 000 0 und d
040 _aLoreto College
041 _aEnglish
082 _a821.
_bCHA-HOD
245 _aChaucer
_bThe Franklin's tale
_cEdited by Phyllis Hodgson
260 _aLondon
_bThe Athlone Press
_c1960
300 _a160p.
504 _aIncludes index
650 _aCritical Study - Chaucer
700 _aHodgson, Phylli
_4ed.
850 _aLCLIB
_bPG
942 _cBK
999 _c21279
_d71758